000
00206 a2200097 4500
001
4782
100
_a
Bene,G.T
245
_a
Nuclear physics & atomic energy
260
_a
_b
Elsvier
_c
090
_c
3975
_d
3975
942
_a
NUST-CAE
_c
M
_c
30239
999
_c
239855
_d
239855